[Event "European Chess Club Cup 2023"]
[Site "Durres, Albania"]
[Date "2023.10.05"]
[Round "5.6"]
[White "Cornette, Matthieu"]
[Black "Shevchenko, Kirill"]
[Result "1/2-1/2"]
[TimeControl "90' + 30' & 30\""]
[WhiteElo "2581"]
[BlackElo "2671"]

1. e4 {[%clk 01:30:50]} {[%emt 00:00:08]} c5 {[%clk 01:30:52]} {[%emt
00:00:10]} 2. Nf3 {[%clk 01:31:03]} {[%emt 00:00:17]} e6 {[%clk 01:31:16]}
{[%emt 00:00:07]} 3. c3 {[%clk 01:26:26]} {[%emt 00:05:07]} d5 {[%clk
01:31:27]} {[%emt 00:00:18]} 4. e5 {[%clk 01:26:24]} {[%emt 00:00:32]} d4
{[%clk 01:30:59]} {[%emt 00:00:58]} 5. d3 {[%clk 01:26:36]} {[%emt 00:00:18]}
Nc6 {[%clk 01:31:10]} {[%emt 00:00:19]} 6. g3 {[%clk 01:26:44]} {[%emt
00:00:23]} Qc7 {[%clk 01:28:06]} {[%emt 00:03:34]} 7. Qe2 {[%clk 01:25:39]}
{[%emt 00:01:35]} Nge7 {[%clk 01:26:40]} {[%emt 00:01:56]} 8. Bg2 {[%clk
01:24:11]} {[%emt 00:01:58]} Ng6 {[%clk 01:26:19]} {[%emt 00:00:50]} 9. Na3
{[%clk 01:24:31]} {[%emt 00:00:08]} Bd7 {[%clk 01:18:58]} {[%emt 00:07:53]} 10.
Nb5 {[%clk 01:21:45]} {[%emt 00:03:16]} Qb8 {[%clk 01:08:03]} {[%emt 00:11:25]}
11. cxd4 {[%clk 01:21:17]} {[%emt 00:00:58]} cxd4 {[%clk 01:02:11]} {[%emt
00:06:23]} 12. O-O {[%clk 01:18:57]} {[%emt 00:02:49]} Ncxe5 {[%clk 00:44:22]}
{[%emt 00:18:20]} 13. Nfxd4 {[%clk 01:09:06]} {[%emt 00:10:21]} Nc6 {[%clk
00:30:48]} {[%emt 00:14:04]} 14. Nxc6 {[%clk 00:51:56]} {[%emt 00:17:39]} Bxc6
{[%clk 00:31:12]} {[%emt 00:00:06]} 15. Bxc6+ {[%clk 00:52:01]} {[%emt
00:00:25]} bxc6 {[%clk 00:31:41]} {[%emt 00:00:02]} 16. Nd4 {[%clk 00:52:03]}
{[%emt 00:00:28]} Bc5 {[%clk 00:25:20]} {[%emt 00:06:51]} 17. Nxc6 {[%clk
00:44:03]} {[%emt 00:08:29]} Qb5 {[%clk 00:24:53]} {[%emt 00:00:57]} 18. Qe4
{[%clk 00:43:45]} {[%emt 00:00:48]} Rc8 {[%clk 00:24:50]} {[%emt 00:00:33]} 19.
d4 {[%clk 00:38:36]} {[%emt 00:05:39]} Bb6 {[%clk 00:21:34]} {[%emt 00:03:46]}
20. Ne5 {[%clk 00:38:43]} {[%emt 00:00:23]} O-O {[%clk 00:17:07]} {[%emt
00:04:57]} 21. Nxg6 {[%clk 00:31:38]} {[%emt 00:07:35]} hxg6 {[%clk 00:17:33]}
{[%emt 00:00:05]} 22. b3 {[%clk 00:31:47]} {[%emt 00:00:21]} Rfd8 {[%clk
00:14:32]} {[%emt 00:03:31]} 23. Be3 {[%clk 00:30:40]} {[%emt 00:01:36]} Rd5
{[%clk 00:14:43]} {[%emt 00:00:19]} 24. Rac1 {[%clk 00:29:08]} {[%emt
00:02:01]} Rcd8 {[%clk 00:15:03]} {[%emt 00:00:11]} 25. Rc4 {[%clk 00:27:44]}
{[%emt 00:01:55]} e5 {[%clk 00:08:50]} {[%emt 00:06:43]} 26. dxe5 {[%clk
00:25:46]} {[%emt 00:02:28]} Rxe5 {[%clk 00:09:19]} {[%emt 00:00:02]} 27. Qf3
{[%clk 00:21:13]} {[%emt 00:05:02]} Bxe3 {[%clk 00:09:18]} {[%emt 00:00:30]} 28.
fxe3 {[%clk 00:21:34]} {[%emt 00:00:09]} f6 {[%clk 00:08:10]} {[%emt 00:01:39]}
29. Rfc1 {[%clk 00:13:18]} {[%emt 00:08:46]} Qa5 {[%clk 00:06:39]} {[%emt
00:02:00]} 30. Rc8 {[%clk 00:07:44]} {[%emt 00:06:04]} Rxc8 {[%clk 00:06:14]}
{[%emt 00:00:55]} 31. Rxc8+ {[%clk 00:08:10]} {[%emt 00:00:04]} Kh7 {[%clk
00:06:43]} 32. Qe2 {[%clk 00:07:21]} {[%emt 00:01:19]} Qb6 {[%clk 00:04:26]}
{[%emt 00:02:47]} 33. Rc3 {[%clk 00:07:22]} {[%emt 00:00:28]} Qe6 {[%clk
00:03:44]} {[%emt 00:01:13]} 34. Qd2 {[%clk 00:06:11]} {[%emt 00:01:41]} Qf5
{[%clk 00:02:42]} {[%emt 00:01:32]} 35. Rc4 {[%clk 00:04:51]} {[%emt 00:01:50]}
Qf3 {[%clk 00:02:18]} {[%emt 00:00:55]} 36. Rh4+ {[%clk 00:01:19]} {[%emt
00:04:02]} Kg8 {[%clk 00:02:47]} 37. Qd8+ {[%clk 00:01:21]} {[%emt 00:00:28]}
Kf7 {[%clk 00:03:16]} 38. Qc7+ {[%clk 00:01:35]} {[%emt 00:00:15]} Re7 {[%clk
00:02:08]} {[%emt 00:01:38]} 39. Qc4+ {[%clk 00:01:49]} {[%emt 00:00:16]} Re6
{[%clk 00:02:37]} {[%emt 00:00:02]} 40. Qc7+ {[%clk 00:01:22]} {[%emt
00:00:57]} Re7 {[%clk 00:03:05]} 41. Qc4+ {[%clk 00:01:33]} {[%emt 00:00:19]}
Re6 {[%clk 00:03:34]} {[%emt 00:00:01]} 42. Qc7+ {[%emt 00:02:59]} 1/2-1/2

[Event "European Chess Club Cup 2023"]
[Site "Durres, Albania"]
[Date "2023.10.05"]
[Round "5.7"]
[White "Carlsen, Magnus"]
[Black "Keymer, Vincent"]
[Result "1-0"]
[TimeControl "90' + 30' & 30\""]
[WhiteElo "2839"]
[BlackElo "2717"]

1. e4 {[%clk 01:25:58]} {[%emt 00:04:30]} c5 {[%clk 01:30:57]} {[%emt
00:00:07]} 2. Nf3 {[%clk 01:26:01]} {[%emt 00:00:26]} d6 {[%clk 01:31:23]}
{[%emt 00:00:05]} 3. d4 {[%clk 01:25:42]} {[%emt 00:00:48]} cxd4 {[%clk
01:31:49]} {[%emt 00:00:06]} 4. Nxd4 {[%clk 01:26:03]} {[%emt 00:00:06]} Nf6
{[%clk 01:32:16]} {[%emt 00:00:05]} 5. Nc3 {[%clk 01:26:25]} {[%emt 00:00:08]}
a6 {[%clk 01:32:42]} {[%emt 00:00:04]} 6. Bc4 {[%clk 01:26:14]} {[%emt
00:00:40]} e6 {[%clk 01:32:52]} {[%emt 00:00:20]} 7. a4 {[%clk 01:23:05]}
{[%emt 00:03:40]} Be7 {[%clk 01:26:34]} {[%emt 00:06:48]} 8. O-O {[%clk
01:22:44]} {[%emt 00:00:50]} O-O {[%clk 01:22:34]} {[%emt 00:04:31]} 9. Be3
{[%clk 01:22:49]} {[%emt 00:00:25]} Qc7 {[%clk 01:19:01]} {[%emt 00:04:03]} 10.
Qe2 {[%clk 01:14:31]} {[%emt 00:08:47]} Bd7 {[%clk 01:06:14]} {[%emt 00:13:19]}
11. a5 {[%clk 01:07:55]} {[%emt 00:07:05]} Ng4 {[%clk 00:44:52]} {[%emt
00:21:52]} 12. Nf5 {[%clk 01:02:10]} {[%emt 00:06:14]} Bf6 {[%clk 00:28:28]}
{[%emt 00:16:55]} 13. Bb6 {[%clk 00:52:25]} {[%emt 00:10:14]} Qc6 {[%clk
00:28:55]} {[%emt 00:00:04]} 14. Nd4 {[%clk 00:50:00]} {[%emt 00:02:55]} Qc8
{[%clk 00:26:50]} {[%emt 00:02:35]} 15. Bb3 {[%clk 00:43:08]} {[%emt 00:07:21]}
Ne5 {[%clk 00:27:00]} {[%emt 00:00:21]} 16. Rad1 {[%clk 00:40:35]} {[%emt
00:03:03]} Bd8 {[%clk 00:23:41]} {[%emt 00:03:49]} 17. f4 {[%clk 00:34:31]}
{[%emt 00:06:33]} Nec6 {[%clk 00:23:53]} {[%emt 00:00:19]} 18. f5 {[%clk
00:33:54]} {[%emt 00:01:07]} Bxb6 {[%clk 00:12:27]} {[%emt 00:11:57]} 19. axb6
{[%clk 00:34:21]} {[%emt 00:00:02]} Nxd4 {[%clk 00:12:49]} {[%emt 00:00:08]} 20.
Rxd4 {[%clk 00:34:45]} {[%emt 00:00:05]} Qc5 {[%clk 00:13:16]} {[%emt
00:00:04]} 21. Qf2 {[%clk 00:34:42]} {[%emt 00:00:32]} exf5 {[%clk 00:06:00]}
{[%emt 00:07:47]} 22. exf5 {[%clk 00:32:35]} {[%emt 00:02:36]} Bc6 {[%clk
00:06:27]} {[%emt 00:00:04]} 23. f6 {[%clk 00:28:19]} {[%emt 00:04:46]} Nd7
{[%clk 00:06:19]} {[%emt 00:00:38]} 24. fxg7 {[%clk 00:25:19]} {[%emt
00:03:30]} Kxg7 {[%clk 00:06:48]} {[%emt 00:00:01]} 25. Bd5 {[%clk 00:24:47]}
{[%emt 00:01:02]} f5 {[%clk 00:04:35]} {[%emt 00:02:43]} 26. Bxc6 {[%clk
00:21:29]} {[%emt 00:03:48]} Qxc6 {[%clk 00:05:04]} {[%emt 00:00:02]} 27. Rfd1
{[%clk 00:21:18]} {[%emt 00:00:40]} Qxb6 {[%clk 00:04:45]} {[%emt 00:00:50]} 28.
Nd5 {[%clk 00:21:34]} {[%emt 00:00:13]} Qd8 {[%clk 00:04:07]} {[%emt 00:01:08]}
29. Nf4 {[%clk 00:21:44]} {[%emt 00:00:20]} 1-0

[Event "European Chess Club Cup 2023"]
[Site "Durres, Albania"]
[Date "2023.10.05"]
[Round "5.8"]
[White "Grandelius, Nils"]
[Black "Sadhwani, Raunak"]
[Result "1/2-1/2"]
[TimeControl "90' + 30' & 30\""]
[WhiteElo "2689"]
[BlackElo "2641"]

1. e4 {[%clk 01:30:57]} {[%emt 00:00:02]} e5 {[%clk 01:26:47]} {[%emt
00:04:13]} 2. Nf3 {[%clk 01:30:55]} {[%emt 00:00:30]} Nc6 {[%clk 01:27:12]}
{[%emt 00:00:06]} 3. Bb5 {[%clk 01:31:01]} {[%emt 00:00:24]} Nf6 {[%clk
01:27:37]} {[%emt 00:00:06]} 4. O-O {[%clk 01:30:03]} {[%emt 00:01:27]} Nxe4
{[%clk 01:28:03]} {[%emt 00:00:05]} 5. d4 {[%clk 01:30:11]} {[%emt 00:00:21]}
Nd6 {[%clk 01:28:28]} {[%emt 00:00:06]} 6. Bxc6 {[%clk 01:30:35]} {[%emt
00:00:05]} dxc6 {[%clk 01:28:53]} {[%emt 00:00:06]} 7. dxe5 {[%clk 01:30:55]}
{[%emt 00:00:09]} Nf5 {[%clk 01:29:19]} {[%emt 00:00:05]} 8. Qxd8+ {[%clk
01:31:07]} {[%emt 00:00:18]} Kxd8 {[%clk 01:29:44]} {[%emt 00:00:05]} 9. h3
{[%clk 01:31:08]} {[%emt 00:00:29]} Ke8 {[%clk 01:28:38]} {[%emt 00:01:36]} 10.
Nc3 {[%clk 01:30:06]} {[%emt 00:01:30]} h5 {[%clk 01:28:01]} {[%emt 00:01:09]}
11. Ne2 {[%clk 01:27:46]} {[%emt 00:02:49]} b6 {[%clk 01:28:05]} {[%emt
00:00:30]} 12. Rd1 {[%clk 01:27:27]} {[%emt 00:00:46]} Bb7 {[%clk 01:24:35]}
{[%emt 00:04:00]} 13. Ned4 {[%clk 01:25:11]} {[%emt 00:02:47]} Nxd4 {[%clk
01:19:30]} {[%emt 00:05:35]} 14. Nxd4 {[%clk 01:25:01]} {[%emt 00:00:39]} Be7
{[%clk 01:13:50]} {[%emt 00:06:10]} 15. Bf4 {[%clk 01:04:22]} {[%emt 00:21:08]}
Rd8 {[%clk 01:09:30]} {[%emt 00:04:50]} 16. Nf5 {[%clk 00:56:49]} {[%emt
00:08:03]} Bc8 {[%clk 01:01:21]} {[%emt 00:08:40]} 17. Nxe7 {[%clk 00:46:40]}
{[%emt 00:10:39]} Rxd1+ {[%clk 01:00:05]} {[%emt 00:01:46]} 18. Rxd1 {[%clk
00:47:08]} {[%emt 00:00:02]} Kxe7 {[%clk 01:00:28]} {[%emt 00:00:07]} 19. Bg5+
{[%clk 00:46:12]} {[%emt 00:01:25]} Ke6 {[%clk 00:55:08]} {[%emt 00:05:51]} 20.
Bd8 {[%clk 00:44:47]} {[%emt 00:01:55]} Kxe5 {[%clk 00:52:52]} {[%emt
00:02:46]} 21. Bxc7+ {[%clk 00:45:10]} {[%emt 00:00:07]} Kf5 {[%clk 00:52:47]}
{[%emt 00:00:35]} 22. Bb8 {[%clk 00:44:10]} {[%emt 00:01:29]} a6 {[%clk
00:50:00]} {[%emt 00:03:18]} 23. Ba7 {[%clk 00:39:02]} {[%emt 00:05:38]} b5
{[%clk 00:50:13]} {[%emt 00:00:17]} 24. Rd6 {[%clk 00:35:24]} {[%emt 00:04:07]}
Rh6 {[%clk 00:50:09]} {[%emt 00:00:35]} 25. Rd8 {[%clk 00:35:41]} {[%emt
00:00:12]} Be6 {[%clk 00:50:19]} {[%emt 00:00:20]} 26. b3 {[%clk 00:35:50]}
{[%emt 00:00:21]} Bd5 {[%clk 00:45:15]} {[%emt 00:05:36]} 27. f3 {[%clk
00:35:52]} {[%emt 00:00:27]} g5 {[%clk 00:32:12]} {[%emt 00:13:33]} 28. Kf2
{[%clk 00:32:27]} {[%emt 00:03:54]} a5 {[%clk 00:18:59]} {[%emt 00:13:44]} 29.
Be3 {[%clk 00:24:25]} {[%emt 00:08:31]} a4 {[%clk 00:18:39]} {[%emt 00:00:50]}
30. bxa4 {[%clk 00:16:41]} {[%emt 00:08:14]} bxa4 {[%clk 00:19:00]} {[%emt
00:00:09]} 31. Ra8 {[%clk 00:16:17]} {[%emt 00:00:54]} f6 {[%clk 00:17:33]}
{[%emt 00:01:58]} 32. Rxa4 {[%clk 00:13:41]} {[%emt 00:03:06]} Rh7 {[%clk
00:17:58]} {[%emt 00:00:05]} 33. Bd4 {[%clk 00:05:16]} {[%emt 00:08:55]} Rb7
{[%clk 00:17:10]} {[%emt 00:01:17]} 34. Ra6 {[%clk 00:03:22]} {[%emt 00:02:25]}
h4 {[%clk 00:15:51]} {[%emt 00:01:49]} 35. a4 {[%clk 00:02:27]} {[%emt
00:01:24]} Rb4 {[%clk 00:09:40]} {[%emt 00:06:42]} 36. Ke3 {[%clk 00:02:52]}
{[%emt 00:00:05]} Ke6 {[%clk 00:10:04]} {[%emt 00:00:07]} 37. Ra7 {[%clk
00:01:47]} {[%emt 00:01:34]} f5 {[%clk 00:09:18]} {[%emt 00:01:17]} 38. a5
{[%clk 00:01:44]} {[%emt 00:00:32]} f4+ {[%clk 00:08:54]} {[%emt 00:00:54]} 39.
Kd3 {[%clk 00:02:13]} {[%emt 00:00:01]} Ra4 {[%clk 00:09:20]} {[%emt 00:00:05]}
40. Kc3 {[%clk 00:01:16]} {[%emt 00:01:25]} Rc4+ {[%clk 00:07:58]} {[%emt
00:01:53]} 41. Kd3 {[%clk 00:00:58]} {[%emt 00:00:48]} Ra4 {[%clk 00:08:23]}
{[%emt 00:00:05]} 42. Bb6 {[%clk 00:10:32]} {[%emt 00:20:55]} Bc4+ {[%clk
00:38:20]} {[%emt 00:00:34]} 43. Kc3 {[%clk 00:10:51]} {[%emt 00:00:10]} Bf1
{[%clk 00:35:34]} {[%emt 00:03:17]} 44. Bd8 {[%clk 00:10:44]} {[%emt 00:00:37]}
Bxg2 {[%clk 00:34:49]} {[%emt 00:01:16]} 45. Bxg5 {[%clk 00:11:09]} {[%emt
00:00:04]} Bxh3 {[%clk 00:30:46]} {[%emt 00:04:33]} 46. Bxh4 {[%clk 00:11:20]}
{[%emt 00:00:20]} Bg2 {[%clk 00:30:24]} {[%emt 00:00:51]} 47. Kb3 {[%clk
00:07:13]} {[%emt 00:04:36]} Ra1 {[%clk 00:30:17]} {[%emt 00:00:38]} 48. Kb2
{[%clk 00:07:32]} {[%emt 00:00:10]} Ra4 {[%clk 00:30:39]} {[%emt 00:00:07]} 49.
Kb3 {[%clk 00:07:53]} {[%emt 00:00:10]} Ra1 {[%clk 00:31:05]} {[%emt 00:00:04]}
50. a6 {[%clk 00:06:01]} {[%emt 00:02:22]} Bxf3 {[%clk 00:31:03]} {[%emt
00:00:33]} 51. Re7+ {[%clk 00:06:28]} {[%emt 00:00:03]} Kd6 {[%clk 00:31:06]}
{[%emt 00:00:26]} 52. a7 {[%clk 00:06:38]} {[%emt 00:00:20]} c5 {[%clk
00:31:27]} {[%emt 00:00:09]} 53. Kb2 {[%clk 00:05:59]} {[%emt 00:01:09]}
1/2-1/2

[Event "European Chess Club Cup 2023"]
[Site "Durres, Albania"]
[Date "2023.10.05"]
[Round "5.9"]
[White "Tari, Aryan"]
[Black "Navara, David"]
[Result "1/2-1/2"]
[TimeControl "90' + 30' & 30\""]
[WhiteElo "2619"]
[BlackElo "2689"]

1. e4 {[%clk 01:28:14]} {[%emt 00:02:36]} e5 {[%clk 01:30:57]} {[%emt
00:00:12]} 2. Nf3 {[%clk 01:28:31]} {[%emt 00:00:13]} Nc6 {[%clk 01:31:23]}
{[%emt 00:00:05]} 3. Bb5 {[%clk 01:28:54]} {[%emt 00:00:07]} Nf6 {[%clk
01:31:49]} {[%emt 00:00:04]} 4. d3 {[%clk 01:28:59]} {[%emt 00:00:24]} Bc5
{[%clk 01:32:14]} {[%emt 00:00:05]} 5. Bxc6 {[%clk 01:29:16]} {[%emt 00:00:14]}
dxc6 {[%clk 01:32:39]} {[%emt 00:00:04]} 6. O-O {[%clk 01:29:37]} {[%emt
00:00:10]} Nd7 {[%clk 01:32:29]} {[%emt 00:00:40]} 7. Nbd2 {[%clk 01:29:49]}
{[%emt 00:00:18]} O-O {[%clk 01:31:09]} {[%emt 00:01:50]} 8. Nc4 {[%clk
01:30:12]} {[%emt 00:00:06]} Re8 {[%clk 01:30:01]} {[%emt 00:01:39]} 9. Kh1
{[%clk 01:30:30]} {[%emt 00:00:12]} a5 {[%clk 01:23:05]} {[%emt 00:07:26]} 10.
a4 {[%clk 01:30:24]} {[%emt 00:00:36]} b6 {[%clk 01:19:57]} {[%emt 00:03:38]}
11. b3 {[%clk 01:26:11]} {[%emt 00:04:43]} f6 {[%clk 01:14:41]} {[%emt
00:05:46]} 12. Nh4 {[%clk 01:13:17]} {[%emt 00:13:24]} Bd4 {[%clk 01:12:34]}
{[%emt 00:02:37]} 13. Ra2 {[%clk 01:11:52]} {[%emt 00:01:55]} Nf8 {[%clk
01:06:58]} {[%emt 00:06:06]} 14. Be3 {[%clk 01:09:10]} {[%emt 00:03:12]} Ng6
{[%clk 00:59:33]} {[%emt 00:07:55]} 15. Bxd4 {[%clk 01:02:24]} {[%emt
00:07:16]} Qxd4 {[%clk 00:59:29]} {[%emt 00:00:34]} 16. Nf3 {[%clk 01:01:46]}
{[%emt 00:01:08]} Qc5 {[%clk 00:52:49]} {[%emt 00:07:09]} 17. Ne3 {[%clk
00:58:42]} {[%emt 00:03:35]} Be6 {[%clk 00:49:42]} {[%emt 00:03:37]} 18. Ng1
{[%clk 00:55:26]} {[%emt 00:03:46]} Rad8 {[%clk 00:44:49]} {[%emt 00:05:23]} 19.
Ra1 {[%clk 00:51:01]} {[%emt 00:04:55]} Nf4 {[%clk 00:34:29]} {[%emt 00:10:50]}
20. g3 {[%clk 00:47:15]} {[%emt 00:04:15]} Nh3 {[%clk 00:34:43]} {[%emt
00:00:16]} 21. Nxh3 {[%clk 00:40:39]} {[%emt 00:07:05]} Bxh3 {[%clk 00:35:08]}
{[%emt 00:00:07]} 22. Rg1 {[%clk 00:40:26]} {[%emt 00:00:43]} Be6 {[%clk
00:35:32]} {[%emt 00:00:05]} 23. Qe2 {[%clk 00:37:09]} {[%emt 00:03:47]} Rf8
{[%clk 00:33:03]} {[%emt 00:02:59]} 24. Raf1 {[%clk 00:35:21]} {[%emt
00:02:18]} g6 {[%clk 00:19:45]} {[%emt 00:13:49]} 25. f4 {[%clk 00:31:44]}
{[%emt 00:04:07]} f5 {[%clk 00:19:23]} {[%emt 00:00:52]} 26. exf5 {[%clk
00:30:00]} {[%emt 00:02:14]} Bd5+ {[%clk 00:17:09]} {[%emt 00:02:44]} 27. Nxd5
{[%clk 00:29:39]} {[%emt 00:00:51]} Qxd5+ {[%clk 00:17:32]} {[%emt 00:00:07]}
28. Qg2 {[%clk 00:28:34]} {[%emt 00:01:35]} Rxf5 {[%clk 00:17:26]} {[%emt
00:00:35]} 29. fxe5 {[%clk 00:28:24]} {[%emt 00:00:41]} Rxe5 {[%clk 00:16:51]}
{[%emt 00:01:05]} 30. Rf2 {[%clk 00:26:40]} {[%emt 00:02:14]} Rf8 {[%clk
00:14:46]} {[%emt 00:02:35]} 31. Rxf8+ {[%clk 00:21:07]} {[%emt 00:06:03]} Kxf8
{[%clk 00:15:04]} {[%emt 00:00:12]} 32. Rf1+ {[%clk 00:21:19]} {[%emt
00:00:18]} Ke7 {[%clk 00:15:08]} {[%emt 00:00:25]} 33. Kg1 {[%clk 00:21:31]}
{[%emt 00:00:18]} Qxg2+ {[%clk 00:11:38]} {[%emt 00:04:00]} 34. Kxg2 {[%clk
00:22:00]} {[%emt 00:00:02]} b5 {[%clk 00:10:58]} {[%emt 00:01:11]} 35. Rf4
{[%clk 00:17:37]} {[%emt 00:04:52]} Re2+ {[%clk 00:10:17]} {[%emt 00:01:11]} 36.
Rf2 {[%clk 00:18:01]} {[%emt 00:00:06]} Re1 {[%clk 00:10:25]} {[%emt 00:00:22]}
37. Rf1 {[%clk 00:17:55]} {[%emt 00:00:36]} Re2+ {[%clk 00:08:44]} {[%emt
00:02:10]} 38. Rf2 {[%clk 00:18:20]} {[%emt 00:00:05]} Re1 {[%clk 00:09:09]}
{[%emt 00:00:06]} 39. Rf1 {[%clk 00:18:46]} {[%emt 00:00:04]} Re5 {[%clk
00:02:22]} {[%emt 00:07:16]} 40. Rf4 {[%clk 00:19:09]} {[%emt 00:00:07]} Re2+
{[%clk 00:02:07]} {[%emt 00:00:44]} 1/2-1/2

[Event "European Chess Club Cup 2023"]
[Site "Durres, Albania"]
[Date "2023.10.05"]
[Round "5.10"]
[White "Nguyen, Thai Dai Van"]
[Black "Pranav, V"]
[Result "1/2-1/2"]
[TimeControl "90' + 30' & 30\""]
[WhiteElo "2618"]
[BlackElo "2579"]

1. e4 {[%clk 01:30:57]} {[%emt 00:00:01]} e5 {[%clk 01:26:21]} {[%emt
00:04:27]} 2. Nf3 {[%clk 01:31:25]} {[%emt 00:00:15]} Nc6 {[%clk 01:26:33]}
{[%emt 00:00:19]} 3. Bb5 {[%clk 01:31:47]} {[%emt 00:00:08]} a6 {[%clk
01:26:48]} {[%emt 00:00:14]} 4. Ba4 {[%clk 01:32:12]} {[%emt 00:00:05]} Nf6
{[%clk 01:27:09]} {[%emt 00:00:09]} 5. O-O {[%clk 01:32:36]} {[%emt 00:00:06]}
b5 {[%clk 01:25:35]} {[%emt 00:02:04]} 6. Bb3 {[%clk 01:33:00]} {[%emt
00:00:06]} Bc5 {[%clk 01:25:59]} {[%emt 00:00:07]} 7. a4 {[%clk 01:33:19]}
{[%emt 00:00:10]} Rb8 {[%clk 01:25:23]} {[%emt 00:01:06]} 8. c3 {[%clk
01:33:38]} {[%emt 00:00:12]} d6 {[%clk 01:25:47]} {[%emt 00:00:06]} 9. d4
{[%clk 01:34:00]} {[%emt 00:00:07]} Bb6 {[%clk 01:26:11]} {[%emt 00:00:06]} 10.
a5 {[%clk 01:33:58]} {[%emt 00:00:32]} Ba7 {[%clk 01:26:34]} {[%emt 00:00:08]}
11. h3 {[%clk 01:34:15]} {[%emt 00:00:12]} O-O {[%clk 01:26:57]} {[%emt
00:00:07]} 12. Be3 {[%clk 01:34:05]} {[%emt 00:00:40]} Ra8 {[%clk 01:16:39]}
{[%emt 00:10:48]} 13. Nbd2 {[%clk 01:34:28]} {[%emt 00:00:07]} h6 {[%clk
01:16:33]} {[%emt 00:00:37]} 14. Re1 {[%clk 01:34:38]} {[%emt 00:00:19]} Re8
{[%clk 01:16:44]} {[%emt 00:00:19]} 15. Ba2 {[%clk 01:33:36]} {[%emt 00:01:32]}
Bb7 {[%clk 01:05:00]} {[%emt 00:12:14]} 16. Qb3 {[%clk 01:32:56]} {[%emt
00:01:10]} Qd7 {[%clk 01:00:37]} {[%emt 00:04:53]} 17. Bb1 {[%clk 01:33:08]}
{[%emt 00:00:18]} Nd8 {[%clk 00:58:31]} {[%emt 00:02:35]} 18. Qc2 {[%clk
01:04:05]} {[%emt 00:29:34]} c5 {[%clk 00:48:09]} {[%emt 00:10:51]} 19. d5
{[%clk 01:03:39]} {[%emt 00:00:57]} c4 {[%clk 00:48:11]} {[%emt 00:00:28]} 20.
Bxa7 {[%clk 00:52:30]} {[%emt 00:11:39]} Rxa7 {[%clk 00:48:33]} {[%emt
00:00:08]} 21. b3 {[%clk 00:52:50]} {[%emt 00:00:09]} cxb3 {[%clk 00:47:39]}
{[%emt 00:01:25]} 22. Qxb3 {[%clk 00:53:07]} {[%emt 00:00:13]} Bc8 {[%clk
00:44:20]} {[%emt 00:03:49]} 23. c4 {[%clk 00:26:45]} {[%emt 00:26:53]} Nb7
{[%clk 00:43:57]} {[%emt 00:00:52]} 24. Qe3 {[%clk 00:26:45]} {[%emt 00:00:30]}
Nc5 {[%clk 00:43:05]} {[%emt 00:01:23]} 25. Nb3 {[%clk 00:26:33]} {[%emt
00:00:41]} Nxb3 {[%clk 00:35:34]} {[%emt 00:08:01]} 26. Qxb3 {[%clk 00:26:56]}
{[%emt 00:00:07]} bxc4 {[%clk 00:35:55]} {[%emt 00:00:09]} 27. Qxc4 {[%clk
00:27:15]} {[%emt 00:00:10]} Rc7 {[%clk 00:35:28]} {[%emt 00:00:57]} 28. Qb4
{[%clk 00:23:13]} {[%emt 00:04:32]} Qe7 {[%clk 00:31:45]} {[%emt 00:04:14]} 29.
Bd3 {[%clk 00:18:55]} {[%emt 00:04:48]} Nd7 {[%clk 00:31:11]} {[%emt 00:01:04]}
30. Bf1 {[%clk 00:18:46]} {[%emt 00:00:39]} Nc5 {[%clk 00:31:20]} {[%emt
00:00:20]} 31. Nd2 {[%clk 00:17:45]} {[%emt 00:01:32]} Bd7 {[%clk 00:28:41]}
{[%emt 00:03:10]} 32. Rab1 {[%clk 00:09:59]} {[%emt 00:08:15]} f5 {[%clk
00:18:00]} {[%emt 00:11:10]} 33. Qa3 {[%clk 00:10:14]} {[%emt 00:00:16]} fxe4
{[%clk 00:16:08]} {[%emt 00:02:22]} 34. Rb6 {[%clk 00:09:57]} {[%emt 00:00:46]}
Qg5 {[%clk 00:06:00]} {[%emt 00:10:40]} 35. Qe3 {[%clk 00:07:23]} {[%emt
00:03:04]} Qf6 {[%clk 00:03:38]} {[%emt 00:02:51]} 36. Rc1 {[%clk 00:02:55]}
{[%emt 00:04:59]} Bf5 {[%clk 00:02:09]} {[%emt 00:01:58]} 37. Nb3 {[%clk
00:02:32]} {[%emt 00:00:53]} Qd8 {[%clk 00:00:48]} {[%emt 00:01:51]} 38. Nxc5
{[%clk 00:02:54]} {[%emt 00:00:08]} dxc5 {[%clk 00:01:17]} {[%emt 00:00:01]} 39.
Rxc5 {[%clk 00:02:22]} {[%emt 00:01:02]} Rf7 {[%clk 00:00:58]} {[%emt
00:00:50]} 40. Bxa6 {[%clk 00:01:40]} {[%emt 00:01:12]} Ref8 {[%clk 00:00:56]}
{[%emt 00:00:32]} 41. Bb7 {[%clk 00:21:55]} {[%emt 00:10:14]} Qh4 {[%clk
00:29:10]} {[%emt 00:02:16]} 42. Rc2 {[%clk 00:19:36]} {[%emt 00:02:49]} Qh5
{[%clk 00:28:11]} {[%emt 00:01:29]} 43. Rd2 {[%clk 00:18:53]} {[%emt 00:01:13]}
Bd7 {[%clk 00:27:30]} {[%emt 00:01:11]} 44. d6 {[%clk 00:17:04]} {[%emt
00:02:19]} Rf3 {[%clk 00:24:48]} {[%emt 00:03:13]} 45. Qxe4 {[%clk 00:09:44]}
{[%emt 00:07:50]} Ra3 {[%emt 00:00:37]} 46. Bd5+ {[%clk 00:08:02]} {[%emt
00:02:10]} Kh8 {[%clk 00:25:07]} {[%emt 00:00:06]} 47. Qb4 {[%clk 00:07:22]}
{[%emt 00:01:09]} Ra1+ {[%clk 00:24:54]} {[%emt 00:00:43]} 48. Kh2 {[%clk
00:07:51]} {[%emt 00:00:01]} Bxh3 {[%clk 00:21:25]} {[%emt 00:03:58]} 49. gxh3
{[%clk 00:06:16]} {[%emt 00:02:06]} e4 {[%clk 00:21:16]} {[%emt 00:00:40]} 50.
Qb2 {[%clk 00:02:22]} {[%emt 00:04:23]} Rh1+ {[%clk 00:21:36]} {[%emt
00:00:10]} 51. Kxh1 {[%clk 00:02:48]} {[%emt 00:00:05]} Qxh3+ {[%clk 00:22:01]}
{[%emt 00:00:05]} 52. Kg1 {[%clk 00:03:10]} {[%emt 00:00:08]} Qg4+ {[%clk
00:22:29]} {[%emt 00:00:01]} 1/2-1/2